Large scale structure of space time (Record no. 1210774)
[ view plain ]
| 000 -LEADER | |
|---|---|
| fixed length control field | 00931nam a2200277Ia 4500 |
| 003 - CONTROL NUMBER IDENTIFIER | |
| control field | OSt |
| 005 - DATE AND TIME OF LATEST TRANSACTION | |
| control field | 20221007122703.0 |
| 008 - FIXED-LENGTH DATA ELEMENTS--GENERAL INFORMATION | |
| fixed length control field | 221006b |||||||| |||| 00| 0 eng d |
| 020 ## - INTERNATIONAL STANDARD BOOK NUMBER | |
| International Standard Book Number | 9780521099066 (pbk) |
| 037 ## - SOURCE OF ACQUISITION | |
| Terms of availability | Textual |
| 040 ## - CATALOGING SOURCE | |
| Original cataloging agency | PAPL |
| Transcribing agency | PAPL |
| Language of cataloging | eng |
| 041 ## - LANGUAGE CODE | |
| Source of code | eng |
| Language code of text/sound track or separate title | eng |
| 100 ## - MAIN ENTRY--PERSONAL NAME | |
| Personal name | Ellis G F R |
| 9 (RLIN) | 714912 |
| 245 #0 - TITLE STATEMENT | |
| Title | Large scale structure of space time |
| Remainder of title | Hawking S W |
| 260 ## - PUBLICATION, DISTRIBUTION, ETC. | |
| Place of publication, distribution, etc. | Cambridge |
| Name of publisher, distributor, etc. | CUP |
| Date of publication, distribution, etc. | 1973 |
| 300 ## - PHYSICAL DESCRIPTION | |
| Extent | xi; 391p. |
| Dimensions | cm. |
| 490 ## - SERIES STATEMENT | |
| Series statement | Cambridge monographs on mathematical physics |
| 500 ## - GENERAL NOTE | |
| General note | Appendix 365-372p.; References 373-380p.; Index 385-391p. |
| 700 ## - ADDED ENTRY--PERSONAL NAME | |
| Personal name | Hawking S W |
| 9 (RLIN) | 596445 |
| 942 ## - ADDED ENTRY ELEMENTS (KOHA) | |
| Classification part | C81, L3;2 Carpa |
| Koha item type | Textual |
| Source of classification or shelving scheme | Colon Classification (CC) |
| Withdrawn status | Lost status | Source of classification or shelving scheme | Damaged status | Not for loan | Home library | Current library | Date acquired | Source of acquisition | Total Checkouts | Full call number | Barcode | Date last seen | Price effective from | Koha item type | Public note |
|---|---|---|---|---|---|---|---|---|---|---|---|---|---|---|---|
| Colon Classification (CC) | Department of Physics and Astrophysics Library | Department of Physics and Astrophysics Library | 2022-10-07 | 4223, 13/10/2011, New India Book Agency | C81 L3;2 Carpa | PA0006878 | 2022-10-07 | 2022-10-07 | Textual | {20th imprint 2006} |
